Význam právnych noriem a štandardov v regulácií účtovníctva diplomová práca

Enregistré dans:
Détails bibliographiques
Auteur principal: Kovaříková, Beáta
Collectivité auteur: Fakulta hospodárskej informatiky EU. Katedra účtovníctva a audítorstva
Autres auteurs: Surový, Vladimír
Format: Livre
Langue:slovaque
Publié: Bratislava 2010
Tags: Ajouter un tag
Pas de tags, Soyez le premier à ajouter un tag!

MARC

LEADER 00000nbm a2200000 4500
001 0162307
005 20121206101536.1
041 0 |a slo 
044 |a SK 
245 1 0 |a Význam právnych noriem a štandardov v regulácií účtovníctva  |b diplomová práca  |c Beáta Kovaříková ; školiteľ: Vladimír Surový 
264 1 |a Bratislava  |c 2010 
300 |a 68 s. 
100 1 |a Kovaříková, Beáta 
700 1 |a Surový, Vladimír 
710 2 |a Fakulta hospodárskej informatiky EU. Katedra účtovníctva a audítorstva